000 00349nam a2200145Ia 4500
005 20251222144709.0
008 251222s9999||||xx |||||||||||||| ||spa||
020 _a8445804122
082 _a616.07/C32
100 _aCastro del Pozo, S. de
245 0 _aManual de PatologĂ­a General:
250 _a5a. ed.
264 _bMasson, S.A.
942 _cLIB
999 _c17742
_d17742